000 00624nam a2200169 a 4500
008 120416s0000 ||||||||||||||||| || u
020 _a0385021844
050 _aE 806 Str
100 _aAaron, Daniel
245 1 4 _aThe strenuous decade
_cedited by Daniel Aaron
246 _aa social and intellectual record of the 1930s
260 _aNew York
_bAnchor Books
_c1970
300 _axviii, 537p. : ill.
350 _a0.00
700 _aBendiner, Robert
995 _D0.00
_FCBU-MAIN LIBRARY (Kitwe)
_H1
_I13.00
_M1
_UAVAILABLE
_WOct 10, 2006
_ZMain Library Open Access Collection
999 _c58637
_d58637